000
00334nam a2200133Ia 4500
008
240624s9999 xx 000 0 und d
041
_a
eng
082
_a
658.4012 OST
100
_a
OSTERWALDER ALEX
245
_a
VALUE PROPOSITION DESIGN HOW TO CREATE P
260
_c
2015
_a
New Delhi
_b
Wiley
300
_a
290 : p.
365
_c
RS
_b
33
999
_c
26417
_d
26417